Motor cycle diaries | മോട്ടോർ സൈക്കിൾ ഡയറീസ് (Record no. 17618)
[ view plain ]
| 000 -LEADER | |
|---|---|
| fixed length control field | 00442nam a22001577a 4500 |
| 003 - CONTROL NUMBER IDENTIFIER | |
| control field | OSt |
| 008 - FIXED-LENGTH DATA ELEMENTS--GENERAL INFORMATION | |
| fixed length control field | 230221b |||||||| |||| 00| 0 eng d |
| 041 ## - LANGUAGE CODE | |
| Language code of text/sound track or separate title | MAL |
| 082 ## - DEWEY DECIMAL CLASSIFICATION NUMBER | |
| Classification number | 923.20532 |
| Item number | GUV/MO |
| 100 ## - MAIN ENTRY--AUTHOR NAME | |
| Personal name | Che guvera, Earnesto |
| 245 ## - TITLE STATEMENT | |
| Title | Motor cycle diaries |
| Remainder of title | മോട്ടോർ സൈക്കിൾ ഡയറീസ് |
| 250 ## - EDITION STATEMENT | |
| Edition statement | 2nd |
| 260 ## - PUBLICATION, DISTRIBUTION, ETC. (IMPRINT) | |
| Place of publication | Thiruvananthapuram |
| Name of publisher | Chintha Publishers |
| Year of publication | 2022 |
| 300 ## - PHYSICAL DESCRIPTION | |
| Number of Pages | 184 |
| 942 ## - ADDED ENTRY ELEMENTS (KOHA) | |
| Koha item type | Books |
| Withdrawn status | Lost status | Damaged status | Home library | Current library | Date acquired | Full call number | Accession Number | Koha item type |
|---|---|---|---|---|---|---|---|---|
| KAUAET | KAUAET | 21/02/2023 | 923.20532 GUR/MO | 26104 | Books |
